लोड हो रहा है...

Forest Nursery and Tree Breeding

ग्रंथसूची विवरण
मुख्य लेखकों: E.V. Anoop, K Gopikumar, S Gopakumar
स्वरूप: Printed Book
भाषा:Undetermined
LEADER 00565nam a2200193Ia 4500
008 141004s9999 xx 000 0 und d
040 |c a 
041 |a English 
082 |a 634.95 
082 |b FO 
100 |a E.V. Anoop 
100 |a K Gopikumar 
100 |a S Gopakumar 
245 |a Forest Nursery and Tree Breeding 
245 |c K Gopikumar 
501 |a forestry  
942 |c BK 
999 |c 173117  |d 173117 
952 |0 0  |1 0  |4 0  |6 634_950000000000000_FO  |7 0  |9 178249  |a KAUCOF  |b KAUCOF  |l 1  |m 1  |o 634.95 FO  |p KAU_COF-3528  |r 2016-03-03  |s 2016-01-12  |w 2014-10-04  |y BK